Normal view
MARC view
Entry Personal Name
001 - CONTROL NUMBER
- control field: 71662
003 - CONTROL NUMBER IDENTIFIER
- control field: OSt
005 - DATE AND TIME OF LATEST TRANSACTION
- control field: 20180405122436.0
008 - FIXED-LENGTH DATA ELEMENTS
- fixed length control field: 180405|| aca||aabn | a|a d
040 ## - CATALOGING SOURCE
- Original cataloging agency: OSt
- Transcribing agency: OSt
100 ## - HEADING--PERSONAL NAME
- Personal name: यादव ,डॉ. चन्द्रदेव
670 ## - SOURCE DATA FOUND
- Source citation: Work cat.: (OSt): यादव ,डॉ. चन्द्रदेव , हिन्दी के प्रारंभिक उपन्यासों की भाषा , 2016









